| 000 | 00795cab a2200301 4500 | ||
|---|---|---|---|
| 001 | ABS60122 | ||
| 008 | 090401t1999 xxu||||| |||| 00| 0 eng d | ||
| 035 | _a(Sirsi) u99766 | ||
| 041 | _aeng | ||
| 245 | _aFocus `99: Kent | ||
| 260 | _c1999 | ||
| 350 | _a0 | ||
| 490 |
_aEstates Gazette _v(9909) 6 March 1999, 81-115(15) |
||
| 650 | _aASHFORD | ||
| 650 | _aBLUEWATER | ||
| 650 | _aCOASTAL TOWNS | ||
| 650 | _aDEVELOPMENTS | ||
| 650 | _aFRENCH COMPANIES | ||
| 650 | _aGREEN BELT LAND | ||
| 650 | _aKENT | ||
| 650 | _aMAIDSTONE | ||
| 650 | _aRAMSGATE | ||
| 650 | _aPROPERTY-COMMERCIAL PROPERTY-RETAIL PROPERTY-RETAIL PROPERTY MARKET | ||
| 650 | _aTUNBRIDGE WELLS | ||
| 690 | _aPROPERTY-COMMERCIAL PROPERTY-COMMERCIAL PROPERTY MARKET | ||
| 942 | _n0 | ||
| 948 | _c09/03/1999 | ||
| 999 |
_c59999 _d59999 |
||